El prólogo de San Juan

Сохранить в:
Библиографические подробности
Главный автор: Boismard, Marie-Émile (autora)
Формат:
Язык:испанский
Опубликовано: Madrid, España Fax 1967
Серии:Actualidad Bíblica. 8
Предметы:
Метки: Добавить метку
Нет меток, Требуется 1-ая метка записи!

MARC

LEADER 00000nam a2200000 a 4500
001 UCL6209
003 CL-VaPUC
005 20241107130638.0
008 040402e19670000SP |||||||||||||||||spa|d
999 |c 308388  |d 308386 
040 |c Pontificia Universidad Católica de Valparaíso 
082 0 4 |a 226.5 BOI 1967  |2 21 
100 |a Boismard, Marie-Émile  |e autora  |9 483886 
245 1 3 |a El prólogo de San Juan 
260 0 3 |a Madrid, España  |b Fax  |c 1967 
300 |a 224 páginas 
490 0 |a Actualidad Bíblica.  |v 8 
583 |a last modification  |c 20040402 00:00:00  |k Rodrigo Vera 
600 0 |a San Juan Evangelista   |9 337229 
650 0 |a Nuevo testamento  |9 257604 
650 0 |a Biblia  |9 257603 
650 0 |a Evangelios  |9 314864 
942 |c BK  |2 ddc 
945 |d 20040402 00:00:00  |a vberengu 
952 |0 0  |1 0  |2 ddc  |4 0  |6 226_500000000000000_BOI_1967  |7 0  |8 A  |9 374897  |a BIBTEO  |b BIBTEO  |d 2019-11-21  |i 2107783  |l 1  |m 1  |o 226.5 BOI 1967  |p 2107783  |q 2025-05-12  |r 2025-04-28  |s 2025-04-28  |t 1  |w 2019-11-21  |y BK  |k ICR